El Contexto de la elaboración de política exterior

में बचाया:
ग्रंथसूची विवरण
मुख्य लेखक: Bacchus, William
स्वरूप: मूलपाठ
टैग: टैग जोड़ें
कोई टैग नहीं, इस रिकॉर्ड को टैग करने वाले पहले व्यक्ति बनें!

MARC

LEADER 00000 a a2200000 04500
001 4597
003
040
100 |a Bacchus, William  
245 |a El Contexto de la elaboración de política exterior  
773 |g número 10; páginas 255-274  
999 |c 27307  |d 27307